[Event "LSS RN-2022-0-01615"]
[Site "LSS email"]
[Date "2022.08.03"]
[Round "?"]
[White "Molina, Vicente Andres"]
[Black "Plastinin, Alexandr"]
[Result "0-1"]
[WhiteElo "775"]
[BlackElo "930"]
[PlyCount "56"]
[EventDate "2022.04.21"]
[EventType "tourn (corr)"]
[EventRounds "6"]
[EventCountry "GER"]
[SourceTitle "Corr 2024"]
[Source "ChessBase"]
[SourceDate "2023.10.19"]
[SourceVersion "1"]
[SourceVersionDate "2023.10.19"]
[SourceQuality "1"]

1. d4 d5 2. c4 e6 3. Nc3 Nf6 4. Bg5 Be7 5. e3 0-0 6. Nf3 h6 7. Bh4 Nbd7 8. cxd5 Nxd5 9. Bxe7 Qxe7 10. Bd3 N7f6 11. 0-0 Bd7 12. Nxd5 Nxd5 13. a3 c5 14. Rc1 cxd4 15. Nxd4 f5 16. Qf3 Qd6 17. Rfd1 Rad8 18. b4 Qe5 19. Rc5 b6 20. Rxd5 exd5 21. Bb1 g6 22. Ba2 Be8 23. Ne2 Kg7 24. Nf4 Bc6 25. Qg3 Qd6 26. Bxd5 Bxd5 27. Rxd5 Qc6 28. Rd1 Rxd1# 0-1

[Event "LSS RN-2022-0-01615"]
[Site "LSS email"]
[Date "2022.07.03"]
[Round "?"]
[White "Plastinin, Alexandr"]
[Black "Ventura, Bob"]
[Result "1-0"]
[WhiteElo "930"]
[BlackElo "750"]
[PlyCount "73"]
[EventDate "2022.04.21"]
[EventType "tourn (corr)"]
[EventRounds "6"]
[EventCountry "GER"]
[SourceTitle "Corr 2024"]
[Source "ChessBase"]
[SourceDate "2023.10.19"]
[SourceVersion "1"]
[SourceVersionDate "2023.10.19"]
[SourceQuality "1"]

1. e4 e5 2. Nf3 Nc6 3. d4 exd4 4. Nxd4 Nxd4 5. Qxd4 h6 6. Be2 Ne7 7. 0-0 Nc6 8. Qd3 Bc5 9. Be3 Qe7 10. Nc3 0-0 11. a3 Rd8 12. Nd5 Qd6 13. c4 Ne5 14. Qc3 c6 15. Nb4 a5 16. Nc2 Rf8 17. Rad1 Qe7 18. b4 axb4 19. axb4 Bb6 20. Bxb6 d6 21. Bd4 f6 22. f4 Nd7 23. Bf3 b6 24. h3 Ba6 25. Rfe1 Qf7 26. b5 cxb5 27. cxb5 Bxb5 28. e5 Qc4 29. Qxc4+ Bxc4 30. Bxa8 Rxa8 31. exf6 Nxf6 32. Bxf6 gxf6 33. Rxd6 Ra2 34. Nb4 Rb2 35. Nc6 b5 36. Re7 Kf8 37. Rd8# 1-0

[Event "LSS RN-2022-0-01614"]
[Site "LSS email"]
[Date "2022.06.06"]
[Round "?"]
[White "Plastinin, Alexandr"]
[Black "Cordes, Michael"]
[Result "0-1"]
[WhiteElo "937"]
[BlackElo "903"]
[PlyCount "70"]
[EventDate "2022.03.10"]
[EventType "tourn (corr)"]
[EventRounds "6"]
[EventCountry "GER"]
[SourceTitle "Corr 2024"]
[Source "ChessBase"]
[SourceDate "2023.10.19"]
[SourceVersion "1"]
[SourceVersionDate "2023.10.19"]
[SourceQuality "1"]

1. e4 c5 2. Nf3 d6 3. d4 cxd4 4. Nxd4 Nc6 5. c3 Nf6 6. Bd3 e5 7. Nxc6 bxc6 8. 0-0 Be7 9. Nd2 0-0 10. Nc4 Be6 11. f4 Nxe4 12. Qe2 Nc5 13. Bc2 e4 14. Be3 Bxc4 15. Qxc4 d5 16. Qe2 Nb7 17. Rad1 Bc5 18. Bxc5 Nxc5 19. c4 Rb8 20. b3 f5 21. cxd5 cxd5 22. Qe3 Qd6 23. Rd2 Ne6 24. Bxe4 fxe4 25. f5 Nc5 26. f6 Rxf6 27. Rc1 Nd3 28. Rcd1 Rbf8 29. h3 Nf2 30. Rb1 Nxh3+ 31. Qxh3 Qb6+ 32. Kh1 Rf1+ 33. Rxf1 Rxf1+ 34. Kh2 Qg1+ 35. Kg3 Rf3+ 0-1

[Event "LSS RN-2022-0-01613"]
[Site "LSS email"]
[Date "2022.05.28"]
[Round "?"]
[White "Ventura, Bob"]
[Black "Plastinin, Alexandr"]
[Result "0-1"]
[WhiteElo "750"]
[BlackElo "937"]
[PlyCount "48"]
[EventDate "2022.01.19"]
[EventType "tourn (corr)"]
[EventRounds "6"]
[EventCountry "GER"]
[SourceTitle "Corr 2024"]
[Source "ChessBase"]
[SourceDate "2023.10.19"]
[SourceVersion "1"]
[SourceVersionDate "2023.10.19"]
[SourceQuality "1"]

1. e4 e5 2. Nf3 Nc6 3. a3 d6 4. h3 Nf6 5. Nc3 Be7 6. d4 exd4 7. Nxd4 0-0 8. Bc4 a6 9. 0-0 Nxd4 10. Qxd4 c5 11. Qd2 b5 12. Bd5 Nxd5 13. Nxd5 Bb7 14. f4 f5 15. e5 dxe5 16. fxe5 Qxd5 17. Qxd5+ Bxd5 18. b3 Be4 19. Ra2 Rad8 20. c3 Rd3 21. c4 Rxb3 22. cxb5 axb5 23. Rd1 Rb1 24. Rad2 Bg5 0-1

[Event "LSS RN-2022-0-01612"]
[Site "LSS email"]
[Date "2022.05.16"]
[Round "?"]
[White "Molina, Vicente Andres"]
[Black "Plastinin, Alexandr"]
[Result "0-1"]
[WhiteElo "834"]
[BlackElo "924"]
[PlyCount "90"]
[EventDate "2021.12.23"]
[EventType "tourn (corr)"]
[EventRounds "6"]
[EventCountry "GER"]
[SourceTitle "Corr 2024"]
[Source "ChessBase"]
[SourceDate "2023.10.19"]
[SourceVersion "1"]
[SourceVersionDate "2023.10.19"]
[SourceQuality "1"]

1. d4 d5 2. e3 Nc6 3. Bb5 Nf6 4. c3 Bd7 5. f4 e6 6. Nf3 Bd6 7. 0-0 0-0 8. Nbd2 a6 9. Bd3 h6 10. Qe2 Nh7 11. Ne5 Nxe5 12. fxe5 Be7 13. e4 dxe4 14. Nxe4 Ng5 15. Nxg5 Bxg5 16. Qe4 g6 17. Bxg5 hxg5 18. Rf3 Bc6 19. Qg4 Bxf3 20. Qxf3 Kg7 21. Rf1 Qd5 22. Qf6+ Kh7 23. Rf3 g4 24. Rf4 Qd8 25. Rxg4 Qxf6 26. exf6 Rh8 27. h3 Kg8 28. Be4 c6 29. a4 Kf8 30. a5 Ke8 31. b4 Kd7 32. Bf3 Kd6 33. Rg5 Rab8 34. Kh2 b6 35. axb6 Rxb6 36. Ra5 Ra8 37. Kg3 Rb5 38. Ra1 e5 39. dxe5+ Rxe5 40. Rd1+ Kc7 41. Bg4 Rd8 42. Ra1 Rd3+ 43. Kf4 Kd6 44. Rxa6 Rxc3 45. Ra8 g5# 0-1

[Event "RF-2022-0-00517"]
[Site "LSS email"]
[Date "2022.01.08"]
[Round "?"]
[White "Plastinin, Alexandr"]
[Black "Hickl, Norbert"]
[Result "0-1"]
[WhiteElo "971"]
[BlackElo "958"]
[PlyCount "68"]
[EventDate "2021.02.20"]
[EventType "tourn (corr)"]
[EventRounds "6"]
[EventCountry "GER"]
[SourceTitle "Corr 2024"]
[Source "ChessBase"]
[SourceDate "2023.10.19"]
[SourceVersion "1"]
[SourceVersionDate "2023.10.19"]
[SourceQuality "1"]

1. e4 c6 2. Nf3 d5 3. exd5 cxd5 4. d4 Nc6 5. Be2 Nf6 6. 0-0 e6 7. c4 Be7 8. Nc3 0-0 9. h3 dxc4 10. Bxc4 Nd5 11. Re1 Bf6 12. Nxd5 exd5 13. Be2 Be6 14. Be3 Re8 15. Bb5 Qd7 16. Rc1 Rac8 17. Qa4 a6 18. Bd3 Nxd4 19. Qd1 Nxf3+ 20. Qxf3 Bxb2 21. Rxc8 Rxc8 22. Qe2 Bc3 23. Rc1 d4 24. Bd2 Bxd2 25. Qxd2 Rxc1+ 26. Qxc1 g6 27. Qf4 Qa4 28. Kh2 Qxa2 29. Qb8+ Kg7 30. Qxb7 Bd5 31. Qxa6 Qxf2 32. Bf1 Be4 33. Qe2 Qxe2 34. Bxe2 Bc2 0-1

[Event "LSS ZN-2021-0-04366"]
[Site "LSS email"]
[Date "2021.12.24"]
[Round "?"]
[White "Ottolina, Daniele"]
[Black "Plastinin, Alexandr"]
[Result "0-1"]
[WhiteElo "800"]
[BlackElo "901"]
[PlyCount "48"]
[EventDate "2021.12.12"]
[EventType "match (corr)"]
[EventRounds "2"]
[EventCountry "GER"]
[SourceTitle "Corr 2024"]
[Source "ChessBase"]
[SourceDate "2023.10.19"]
[SourceVersion "1"]
[SourceVersionDate "2023.10.19"]
[SourceQuality "1"]

1. d4 d5 2. c4 e6 3. Nf3 Nf6 4. e3 Be7 5. Be2 0-0 6. 0-0 c5 7. Nc3 Nc6 8. a3 dxc4 9. Bxc4 Nd5 10. Qe2 cxd4 11. exd4 h6 12. Be3 Nxe3 13. fxe3 f5 14. Rad1 Bf6 15. Ne5 Bxe5 16. dxe5 Qc7 17. Ba2 Nxe5 18. Nb5 Qb6 19. Nd4 Bd7 20. Nxf5 Kh7 21. Nh4 Bb5 22. Qc2+ g6 23. Rxf8 Rxf8 24. Re1 Qxe3+ 0-1

[Event "LSS RN-2021-0-01609"]
[Site "LSS email"]
[Date "2021.12.16"]
[Round "?"]
[White "Plastinin, Alexandr"]
[Black "Lombardi, Donato"]
[Result "1-0"]
[WhiteElo "897"]
[BlackElo "774"]
[PlyCount "63"]
[EventDate "2021.11.21"]
[EventType "tourn (corr)"]
[EventRounds "6"]
[EventCountry "GER"]
[SourceTitle "Corr 2024"]
[Source "ChessBase"]
[SourceDate "2023.10.19"]
[SourceVersion "1"]
[SourceVersionDate "2023.10.19"]
[SourceQuality "1"]

1. e4 e6 2. Nf3 d5 3. exd5 exd5 4. d4 Nf6 5. Nc3 Bd6 6. Be2 0-0 7. 0-0 Bg4 8. h3 Bh5 9. Bg5 c6 10. Ne5 Bxe2 11. Qxe2 Re8 12. Rfe1 Nbd7 13. Bf4 Qc7 14. Qf3 b5 15. Nxd7 Qxd7 16. Bxd6 Qxd6 17. a3 a5 18. Re3 b4 19. axb4 axb4 20. Rxa8 Rxa8 21. Nd1 h6 22. g3 c5 23. c3 bxc3 24. bxc3 cxd4 25. cxd4 Ne4 26. Nc3 Nd2 27. Qxd5 Ra1+ 28. Kg2 Qxd5+ 29. Nxd5 Rd1 30. Re8+ Kh7 31. Ne3 Nb3 32. Nxd1 1-0

[Event "LSS RN-2021-0-01609"]
[Site "LSS email"]
[Date "2021.12.12"]
[Round "?"]
[White "Plastinin, Alexandr"]
[Black "Trevis, Robert"]
[Result "1-0"]
[WhiteElo "897"]
[BlackElo "843"]
[PlyCount "21"]
[EventDate "2021.11.21"]
[EventType "tourn (corr)"]
[EventRounds "6"]
[EventCountry "GER"]
[SourceTitle "Corr 2024"]
[Source "ChessBase"]
[SourceDate "2023.10.19"]
[SourceVersion "1"]
[SourceVersionDate "2023.10.19"]
[SourceQuality "1"]

1. e4 c6 2. Nf3 d5 3. exd5 Qxd5 4. d4 Qa5+ 5. Bd2 Qc7 6. Nc3 Qd6 7. Be2 Qg6 8. 0-0 Nf6 9. Rc1 Ng4 10. h3 Nf6 11. Nh4 1-0

[Event "OP-2021-0-05226"]
[Site "LSS email"]
[Date "2021.12.11"]
[Round "?"]
[White "Plastinin, Alexandr"]
[Black "Heiser, Jerome"]
[Result "1-0"]
[WhiteElo "881"]
[BlackElo "548"]
[PlyCount "37"]
[EventDate "2021.12.07"]
[EventType "tourn (corr)"]
[EventRounds "4"]
[EventCountry "GER"]
[SourceTitle "Corr 2024"]
[Source "ChessBase"]
[SourceDate "2023.10.19"]
[SourceVersion "1"]
[SourceVersionDate "2023.10.19"]
[SourceQuality "1"]

1. e4 e5 2. Nf3 Nc6 3. d4 Bb4+ 4. Bd2 Bxd2+ 5. Qxd2 d6 6. dxe5 Qe7 7. Bd3 Nxe5 8. Nxe5 Qxe5 9. Nc3 d5 10. Nxd5 Be6 11. 0-0 Bxd5 12. exd5 0-0-0 13. c4 Nf6 14. Rfe1 Qh5 15. Qf4 Nxd5 16. cxd5 Rxd5 17. Rac1 c6 18. Re7 Kd8 19. Qc7# 1-0

[Event "OP-2021-0-05226"]
[Site "LSS email"]
[Date "2021.12.11"]
[Round "?"]
[White "Plastinin, Alexandr"]
[Black "Neumann, Ulf"]
[Result "0-1"]
[WhiteElo "881"]
[BlackElo "1935"]
[PlyCount "42"]
[EventDate "2021.12.07"]
[EventType "tourn (corr)"]
[EventRounds "4"]
[EventCountry "GER"]
[SourceTitle "Corr 2024"]
[Source "ChessBase"]
[SourceDate "2023.10.19"]
[SourceVersion "1"]
[SourceVersionDate "2023.10.19"]
[SourceQuality "1"]

1. e4 e5 2. Nf3 Nc6 3. d4 exd4 4. Nxd4 Nf6 5. Nc3 Bb4 6. Nxc6 bxc6 7. Bd2 Qe7 8. Bd3 Bxc3 9. bxc3 d5 10. Bg5 dxe4 11. Bxf6 Qxf6 12. Bxe4 Qxc3+ 13. Kf1 0-0 14. Rb1 Ba6+ 15. Bd3 Rfd8 16. Rb3 Qd4 17. g3 c5 18. Qf3 c4 19. Ra3 cxd3 20. Rxa6 d2 21. Qd1 Qc4+ 0-1

[Event "OP-2021-0-05225"]
[Site "LSS email"]
[Date "2021.12.10"]
[Round "?"]
[White "Plastinin, Alexandr"]
[Black "Heiser, Jerome"]
[Result "1-0"]
[WhiteElo "881"]
[BlackElo "548"]
[PlyCount "49"]
[EventDate "2021.12.06"]
[EventType "tourn (corr)"]
[EventRounds "4"]
[EventCountry "GER"]
[SourceTitle "Corr 2024"]
[Source "ChessBase"]
[SourceDate "2023.10.19"]
[SourceVersion "1"]
[SourceVersionDate "2023.10.19"]
[SourceQuality "1"]

1. e4 e5 2. Nf3 Nc6 3. Bc4 h6 4. d4 Bb4+ 5. Bd2 Bxd2+ 6. Qxd2 d6 7. dxe5 Qe7 8. 0-0 Nxe5 9. Be2 Nf6 10. Nc3 0-0 11. h3 a6 12. Rad1 b5 13. Nd5 Nxd5 14. exd5 Bb7 15. Rfe1 Rfe8 16. Nxe5 Qxe5 17. Bxb5 Qxb2 18. Bxe8 Qxa2 19. Bc6 Bxc6 20. dxc6 a5 21. Re7 Rc8 22. Rde1 Kf8 23. Qf4 g5 24. Qf5 a4 25. Qxc8+ 1-0

[Event "LSS ZN-2021-0-04356"]
[Site "LSS email"]
[Date "2021.11.22"]
[Round "?"]
[White "Plastinin, Alexandr"]
[Black "Ventura, Bob"]
[Result "1-0"]
[WhiteElo "900"]
[BlackElo "692"]
[PlyCount "63"]
[EventDate "2021.11.19"]
[EventType "match (corr)"]
[EventRounds "2"]
[EventCountry "GER"]
[SourceTitle "Corr 2024"]
[Source "ChessBase"]
[SourceDate "2023.10.19"]
[SourceVersion "1"]
[SourceVersionDate "2023.10.19"]
[SourceQuality "1"]

1. e4 e5 2. Nf3 Nc6 3. d4 exd4 4. Nxd4 Bc5 5. Be3 Qf6 6. c3 Ne5 7. Be2 d6 8. Nd2 Be6 9. 0-0 h6 10. Nxe6 Qxe6 11. Bxc5 dxc5 12. f4 Nc6 13. Bg4 Qe7 14. Qe2 Nf6 15. Bf3 0-0 16. e5 Nd7 17. Rad1 Qe6 18. b3 Ne7 19. Nc4 Nc6 20. Ne3 a6 21. Bg4 f5 22. exf6 Qxf6 23. Bxd7 Qxc3 24. Rc1 Qf6 25. Nd5 Qd6 26. Bxc6 bxc6 27. Ne7+ Kh7 28. Qe4+ g6 29. Rcd1 Qf6 30. Rd7 Rf7 31. Nxg6 Qxg6 32. Rxf7+ 1-0

[Event "LSS ZN-2021-0-04355"]
[Site "LSS email"]
[Date "2021.11.19"]
[Round "?"]
[White "Plastinin, Alexandr"]
[Black "Ventura, Bob"]
[Result "1-0"]
[WhiteElo "878"]
[BlackElo "692"]
[PlyCount "67"]
[EventDate "2021.11.16"]
[EventType "match (corr)"]
[EventRounds "2"]
[EventCountry "GER"]
[SourceTitle "Corr 2024"]
[Source "ChessBase"]
[SourceDate "2023.10.19"]
[SourceVersion "1"]
[SourceVersionDate "2023.10.19"]
[SourceQuality "1"]

1. e4 e5 2. Nf3 Nc6 3. d4 exd4 4. Nxd4 Nxd4 5. Qxd4 d6 6. Be2 a6 7. 0-0 h6 8. Nc3 Nf6 9. e5 Nd7 10. Bf4 Be7 11. exd6 cxd6 12. Bd3 0-0 13. Bxd6 Bf6 14. Qf4 Re8 15. Rae1 Ne5 16. Bxe5 Bg5 17. Qg3 Be6 18. h3 Bf6 19. Re2 Bxe5 20. Rxe5 Qd7 21. Rfe1 Qd4 22. Ne2 Qxb2 23. Nf4 Rad8 24. Nh5 g6 25. Nf6+ Kg7 26. Nxe8+ Rxe8 27. Rxe6 Rxe6 28. Rxe6 Qc1+ 29. Kh2 fxe6 30. Qxg6+ Kf8 31. Qf6+ Ke8 32. Qxe6+ Kd8 33. Qd6+ Ke8 34. Bg6# 1-0

[Event "LSS ZN-2021-0-04353"]
[Site "LSS email"]
[Date "2021.11.15"]
[Round "?"]
[White "Trevis, Robert"]
[Black "Plastinin, Alexandr"]
[Result "0-1"]
[WhiteElo "967"]
[BlackElo "878"]
[PlyCount "52"]
[EventDate "2021.11.11"]
[EventType "match (corr)"]
[EventRounds "2"]
[EventCountry "GER"]
[SourceTitle "Corr 2024"]
[Source "ChessBase"]
[SourceDate "2023.10.19"]
[SourceVersion "1"]
[SourceVersionDate "2023.10.19"]
[SourceQuality "1"]

1. d4 d5 2. c4 e6 3. Nc3 Nf6 4. Bg5 Be7 5. e3 0-0 6. Nf3 b6 7. cxd5 Nxd5 8. Bxe7 Qxe7 9. Rc1 Bb7 10. Bd3 Nd7 11. Nxd5 Bxd5 12. e4 Bb7 13. Rxc7 Bc8 14. e5 f6 15. Be4 fxe5 16. Bxa8 Ba6 17. Qa4 Rxa8 18. Rxd7 Qe8 19. Qc6 Rc8 20. Nxe5 Rxc6 21. Nxc6 Qxd7 22. Ne5 Qa4 23. a3 Qxd4 24. Nc6 Qd3 25. Ne7+ Kf7 26. Nc6 Qe2# 0-1

[Event "LSS RN-2021-0-01605"]
[Site "LSS email"]
[Date "2021.11.14"]
[Round "?"]
[White "Martin, Hector"]
[Black "Plastinin, Alexandr"]
[Result "0-1"]
[WhiteElo "913"]
[BlackElo "814"]
[PlyCount "80"]
[EventDate "2021.01.11"]
[EventType "tourn (corr)"]
[EventRounds "6"]
[EventCountry "GER"]
[SourceTitle "Corr 2024"]
[Source "ChessBase"]
[SourceDate "2023.10.19"]
[SourceVersion "1"]
[SourceVersionDate "2023.10.19"]
[SourceQuality "1"]

1. c4 e5 2. Nc3 Nf6 3. g3 d5 4. cxd5 Nxd5 5. Bg2 c6 6. e4 Nxc3 7. bxc3 Bd6 8. Nf3 0-0 9. d4 Re8 10. d5 f5 11. Ng5 h6 12. Ne6 Bxe6 13. dxe6 fxe4 14. Qg4 Qf6 15. Bh3 Qf3 16. Qxf3 exf3 17. 0-0 Na6 18. Be3 Re7 19. Rad1 Bc5 20. Rd7 Rxd7 21. exd7 Rd8 22. Bf5 Bxe3 23. fxe3 Nc5 24. Rxf3 Nxd7 25. Be6+ Kh8 26. Rf7 Nc5 27. Bf5 Kg8 28. Re7 e4 29. Bg6 a5 30. Re5 b6 31. Re8+ Rxe8 32. Bxe8 Na4 33. Bxc6 Nxc3 34. a4 Kf7 35. h4 Ke6 36. g4 Kd6 37. Be8 Kc5 38. Kf2 g5 39. hxg5 hxg5 40. Ke1 Nd5 0-1

[Event "LSS ZN-2021-0-04352"]
[Site "LSS email"]
[Date "2021.11.13"]
[Round "?"]
[White "Newton, Daryl"]
[Black "Plastinin, Alexandr"]
[Result "0-1"]
[WhiteElo "392"]
[BlackElo "871"]
[PlyCount "64"]
[EventDate "2021.11.10"]
[EventType "match (corr)"]
[EventRounds "2"]
[EventCountry "GER"]
[SourceTitle "Corr 2024"]
[Source "ChessBase"]
[SourceDate "2023.10.19"]
[SourceVersion "1"]
[SourceVersionDate "2023.10.19"]
[SourceQuality "1"]

1. d4 d5 2. Nf3 Nf6 3. Bf4 e6 4. e3 Bd6 5. c3 Bxf4 6. exf4 0-0 7. Bd3 Nc6 8. Bc2 Ne4 9. 0-0 f6 10. Nbd2 Nd6 11. Nh4 f5 12. Qh5 Qf6 13. Ndf3 Nf7 14. Rae1 g6 15. Nxg6 Qxg6 16. Qxg6+ hxg6 17. Re3 Kg7 18. Rd1 Nd6 19. Rdd3 Ne4 20. Ng5 Bd7 21. Rh3 Rh8 22. Rh7+ Rxh7 23. Nxh7 Kxh7 24. Rh3+ Kg7 25. Re3 a5 26. b4 axb4 27. cxb4 Rxa2 28. Bd3 Ra1+ 29. Bf1 Nd2 30. g4 Nxf1 31. Rb3 Ne3+ 32. Rb1 Rxb1# 0-1

[Event "LSS ZN-2021-0-04351"]
[Site "LSS email"]
[Date "2021.11.10"]
[Round "?"]
[White "Plastinin, Alexandr"]
[Black "Tobey, Al"]
[Result "1-0"]
[WhiteElo "871"]
[BlackElo "483"]
[PlyCount "77"]
[EventDate "2021.11.09"]
[EventType "match (corr)"]
[EventRounds "2"]
[EventCountry "GER"]
[SourceTitle "Corr 2024"]
[Source "ChessBase"]
[SourceDate "2023.10.19"]
[SourceVersion "1"]
[SourceVersionDate "2023.10.19"]
[SourceQuality "1"]

1. e4 e5 2. Nf3 d6 3. Bc4 Nc6 4. Nc3 Nf6 5. 0-0 Be7 6. d4 Na5 7. Bd3 0-0 8. d5 b6 9. b4 Nb7 10. a4 a5 11. bxa5 bxa5 12. Nb5 Nd7 13. Be3 Nbc5 14. h3 Nxd3 15. Qxd3 Ba6 16. c4 Nf6 17. Nd2 g6 18. f4 Nh5 19. fxe5 dxe5 20. Nb3 Ng3 21. Rf3 Bh4 22. Bf2 c6 23. Nc3 cxd5 24. exd5 f5 25. Qd1 f4 26. Nd2 Nf5 27. Bxh4 Nxh4 28. Rf2 Bc8 29. Nf3 Bxh3 30. gxh3 Rf5 31. Ne4 Rb8 32. Rb1 Rxb1 33. Qxb1 Nxf3+ 34. Rxf3 Rh5 35. Qb5 Qh4 36. Qxa5 g5 37. Qd8+ Kf7 38. Nd6+ Kg6 39. Qe8+ 1-0

[Event "LSS ZN-2021-0-04351"]
[Site "LSS email"]
[Date "2021.11.10"]
[Round "?"]
[White "Tobey, Al"]
[Black "Plastinin, Alexandr"]
[Result "1-0"]
[WhiteElo "483"]
[BlackElo "871"]
[PlyCount "113"]
[EventDate "2021.11.09"]
[EventType "match (corr)"]
[EventRounds "2"]
[EventCountry "GER"]
[SourceTitle "Corr 2024"]
[Source "ChessBase"]
[SourceDate "2023.10.19"]
[SourceVersion "1"]
[SourceVersionDate "2023.10.19"]
[SourceQuality "1"]

1. e4 e5 2. Nc3 Nf6 3. Nf3 Nc6 4. Be2 Be7 5. 0-0 d6 6. d3 0-0 7. a3 a6 8. Re1 h6 9. g3 Nh7 10. Nd5 f5 11. Nxe7+ Qxe7 12. Nh4 fxe4 13. Ng6 Qf6 14. Nxf8 Qxf8 15. dxe4 Be6 16. Bg4 Re8 17. Bh5 Bf7 18. Qg4 Bxh5 19. Qxh5 Nd4 20. f4 exf4 21. Rf1 f3 22. Qd5+ Ne6 23. Bf4 Nf6 24. Qb3 Kh7 25. Qxf3 Nd4 26. Qd3 c5 27. e5+ Kh8 28. exf6 Qxf6 29. Bd2 Qe6 30. Rfe1 Qd7 31. c3 Nb3 32. Bf4 Nxa1 33. Rxa1 d5 34. c4 d4 35. Qg6 Re6 36. Qd3 g5 37. Bd2 b5 38. b4 bxc4 39. Qxc4 d3 40. bxc5 Re2 41. Bc3+ Kh7 42. Rd1 Qf5 43. Qxd3 Qxd3 44. Rxd3 Kg6 45. Rd6+ Kh5 46. Rxa6 Rc2 47. Bb4 Kg4 48. Rf6 h5 49. c6 h4 50. gxh4 Kxh4 51. Re6 Kg4 52. Ba5 Rc1+ 53. Kf2 Rc2+ 54. Ke3 Rxh2 55. c7 Rh8 56. Rd6 Ra8 57. Rd8 1-0

[Event "LSS ZN-2021-0-04347"]
[Site "LSS email"]
[Date "2021.11.03"]
[Round "?"]
[White "Ventura, Bob"]
[Black "Plastinin, Alexandr"]
[Result "0-1"]
[WhiteElo "644"]
[BlackElo "822"]
[PlyCount "68"]
[EventDate "2021.10.24"]
[EventType "match (corr)"]
[EventRounds "2"]
[EventCountry "GER"]
[SourceTitle "Corr 2024"]
[Source "ChessBase"]
[SourceDate "2023.10.19"]
[SourceVersion "1"]
[SourceVersionDate "2023.10.19"]
[SourceQuality "1"]

1. e4 e5 2. Nf3 Nc6 3. h3 d6 4. d4 exd4 5. Nxd4 Nf6 6. Bg5 Be7 7. Nxc6 bxc6 8. Bc4 0-0 9. 0-0 h6 10. Bh4 Be6 11. Bd3 Nd7 12. Nc3 Bxh4 13. f4 Nc5 14. f5 Bd7 15. Rf4 Bg5 16. Rg4 Nxd3 17. cxd3 Rb8 18. b3 Qf6 19. Ne2 d5 20. d4 dxe4 21. Ng3 Be3+ 22. Kh1 Bxd4 23. Nxe4 Qe5 24. Rc1 Bxf5 25. Nf6+ Qxf6 26. Rxd4 Qe5 27. Qg1 Rbd8 28. Rxd8 Rxd8 29. Rxc6 Rd2 30. Rc1 Bxh3 31. Re1 Bxg2+ 32. Qxg2 Qxe1+ 33. Qg1 Qh4+ 34. Qh2 Qxh2# 0-1

[Event "LSS ZN-2021-0-04346"]
[Site "LSS email"]
[Date "2021.11.01"]
[Round "?"]
[White "Plastinin, Alexandr"]
[Black "Ventura, Bob"]
[Result "1-0"]
[WhiteElo "832"]
[BlackElo "644"]
[PlyCount "56"]
[EventDate "2021.10.23"]
[EventType "match (corr)"]
[EventRounds "2"]
[EventCountry "GER"]
[SourceTitle "Corr 2024"]
[Source "ChessBase"]
[SourceDate "2023.10.19"]
[SourceVersion "1"]
[SourceVersionDate "2023.10.19"]
[SourceQuality "1"]

1. e4 e5 2. Nf3 Nc6 3. Bc4 h6 4. d4 exd4 5. Nxd4 Bc5 6. Be3 Bb6 7. 0-0 Qf6 8. c3 Ne5 9. Bb3 d6 10. Na3 a6 11. Nc4 c5 12. Nxb6 Rb8 13. Ba4+ Kf8 14. Nf3 Bg4 15. Nxe5 Bxd1 16. Ned7+ Ke7 17. Nxf6 Bxa4 18. Nfd5+ Kd8 19. Nxa4 Ne7 20. Rad1 Nxd5 21. Rxd5 Ke7 22. e5 b5 23. Nxc5 dxc5 24. Bxc5+ Ke6 25. Rfd1 Rhe8 26. f4 a5 27. g4 f6 28. Rd7 fxe5 1-0